Chính sách hỗ trợ của nhà nước ta đối với nông dân trong điều kiện hội nhập WTO

Đã lưu trong:
书目详细资料
主要作者: Vũ, Văn Phúc
格式: 图书
语言:Undetermined
出版: Hà Nội Chính trị quốc gia 2010
主题:
标签: 添加标签
没有标签, 成为第一个标记此记录!
Thư viện lưu trữ: Trung tâm Học liệu Trường Đại học Cần Thơ
LEADER 00735nam a2200193Ia 4500
001 CTU_182884
008 210402s9999 xx 000 0 und d
020 |c 69000 
082 |a 354.279 
082 |b Ph506 
100 |a Vũ, Văn Phúc 
245 0 |a Chính sách hỗ trợ của nhà nước ta đối với nông dân trong điều kiện hội nhập WTO 
245 0 |c Vũ Văn Phúc, Trần Thị Minh Châu đồng chủ biên 
260 |a Hà Nội 
260 |b Chính trị quốc gia 
260 |c 2010 
650 |a Agricultural research,Economic development,Public policy,Chính sách công 
904 |i Tuyến 
980 |a Trung tâm Học liệu Trường Đại học Cần Thơ